000 02416nam a2200325 i 4500
003 DO-SdBNP
005 20240625114926.0
006 a||||gr|||| 00| 0
007 ta
008 240624t1976 mx ||||| |||| 00| 0 spa d
040 _aDO-SdBNP
_bspa
_cBNPHU
_erda
082 4 _222
_bD486c
245 1 4 _aLas comunicaciones en la diplomacia moderna /
_bArthur S. Hoffman, compilador; Karl Deutsch, Margaret Mead, Lewis Coser, Daniel Lerner...(y otros); traductor, Manuel Barberá.
264 4 _aMéxico, D. C. :
_bDimelisa,
_c1976
300 _a253 páginas ;
_c20 cm.
336 _2rdacontent
_atexto
_btxt
337 _2rdamedia
_asin mediación
_bn
338 _2rdacarrier
_avolumen
_bnc
500 _aIncluye bibliografía y notas en las páginas 246 - 253
505 _aPrefacio.
_t1. Introducción /
_rRobert F. Delaney.--
_t2. Relaciones educacionales y culturales /
_rCharles Frankel.--
_t3. Análisis de las comunicaciones y diplomacia total /
_rBryant Wedge.--
_t4. Solución de problemas: el método basado en la conducta /
_rKarl Deutsch.--
_tImportancia delas culturas nacionales /
_rMargaret Mead.--
_tFunción de los grupos: contribuciones de la sociología /
_rLewis Coser.--
_tPsicología y operaciones psicológicas /
_rDaniel Lerner.--
_tEl lenguaje de las cominicaciones internacionales: semántica y lingüística /
_rHarry Maynard.--
_tMedios noticiosos internacionales /
_rRobert Manning.--
_tComunicaciones con sociedades abiertas y cerradas /
_rHowland H. Sargeant.--
_tConvergencia de sistemas sociales /
_rJohn Scott.--
_tNotas.
534 _aInternational Communication and the new diplomacy.
_cPublicada originalmente en Estados Unidos de Amárica por Indiana University Press, Bloomington y Londres en 1968.
590 _aInventariado 2024 / MF
600 4 _aDeutsch, Karl,
_947001
_tLas comunicaciones en la diplomacia moderna.
_xSolución de problemas: el método basado en la conducta.
600 4 _aMead, Margaret,
_d1901-1978
_951285
_tLas comunicaciones en la diplomacia moderna.
_xImportancia delas culturas nacionales.
600 4 _aCoser, Lewis,
_963343
_tLas comunicaciones en la diplomacia moderna.
_xFunción de los grupos: contribuciones de la sociología.
600 4 _aLerner, Daniel,
_tLas comunicaciones en la diplomacia moderna.
_xPsicología y operaciones psicológicas.
_985773
700 1 _4Hoffman, Arthur S.,
_ecompilador
700 1 _aBarberá, Manuel,
_99940
_etraductor
942 _2ddc
_cLBS1
999 _c56947
_d56947